| 000 | 00591nam a2200193 a 4500 | ||
|---|---|---|---|
| 005 | 20210223122925.0 | ||
| 008 | 991125s1979 bue 000 0 spa u | ||
| 020 | _a2030205451 | ||
| 035 | _aUPN01000044209 | ||
| 049 | _aC | ||
| 050 | 4 |
_aQ123 _bG3.6 |
|
| 100 | 1 | _aGaliana Mingot, Tomás de | |
| 245 | 1 | 0 |
_aPequeño Larousse de ciencias y técnicas / _cTomás de Galiana Mingot. |
| 260 |
_aBuenos Aires : _aMéxico : _bLarousse, _c1979. |
||
| 300 | _a1056 p., [4] h. láms. col. | ||
| 650 | 4 |
_aCIENCIA - _vDICCIONARIOS _99950 |
|
| 650 | 4 |
_aTECNOLOGIA - _vDICCIONARIOS _914046 |
|
| 905 | _aLibro | ||
| 999 |
_c44209 _d44209 |
||